Most used social media - Statistics

General Stats
  • This quiz has been taken 146 times
  • The average score is 7 of 15
Answer Stats
Hint Answer % Correct
3,065 million Facebook
99%
2,000 million Instagram
99%
800 million Snapchat
88%
1,582 million TikTok
86%
2,504 million YouTube
77%
611 million X
76%
2,000 million WhatsApp
71%
900 million Telegram
33%
498 million Pinterest
32%
1,343 million WeChat
20%
755 million Douyin
9%
554 million QQ
9%
1,010 million Facebook Messenger
7%
598 million Weibo
7%
700 million Kuaishou
5%
No matching quizzes found
Score Distribution
Percent of People with Each Score
Percentile by Number Answered
Your Score History
You have not taken this quiz